000 00693nam a22002177a 4500
005 20130527123005.0
010 _aENG-107219
020 _a9781259004773
_c495.00
020 _a1259004775
_c495.00
035 _aEN-90752
037 _bDBAD/PUB
082 _a332.17
100 _aKanhaiya Singh
245 _aCommercial bank management /
_cby Kanhaiya Singh [and] Vinay Kumar Dutta
260 _aNew Delhi
_btata McGraw Hill
_c2013
270 _aP-24, Green Park Extension
_bNew Delhi
_e110016
300 _axvii, 582p. :
_bill.
_c24cm(pbk)
500 _aIncludes bibliographical references and index
700 _aDutta, Vinay Kumar
942 _2ddc
_cEN
_h332.17
_mKAN
999 _c75881
_d75881